| 000 | 00978nam a2200265 i 4500 | ||
|---|---|---|---|
| 001 | bg | ||
| 100 | _aNiebisch, Daniela. | ||
| 245 | 0 | 0 |
_aSchritte international 2 : _bpodręcznik + ćwiczenia : język niemiecki dla szkół ponadgimnazjalnych / _cDaniela Niebisch [et al.] ; oprac. edycji pol. Urszula Krajewska, Agnieszka Mizak. |
| 260 |
_aIsmaning : _bMax Hueber Verlag ; _c2007. |
||
| 300 |
_a188 s. : _bil. ; _c29 cm + _eCD ROM. |
||
| 500 | _aU góry okł.: Edycja polska. | ||
| 650 | 9 | _aJęzyk niemiecki | |
| 655 | _aPodręczniki dla szkół ponadgimnazjalnych | ||
| 700 | 1 | _aNiebisch, Daniela. | |
| 700 | 1 |
_aKrajewska, Urszula. _eOprac. |
|
| 700 | 1 |
_aMizak, Agnieszka. _eOprac. |
|
| 020 | _a9783193118523 | ||
| 040 | _cBPK | ||
| 041 | 0 |
_agerpol _hger |
|
| 044 | _ager | ||
| 080 | _a811.112.2(075.3-021.66) | ||
| 942 | _cKS | ||
| 008 | s pl f |000 0 pol | ||
| 999 |
_c54322 _d54322 |
||
| 856 |
_uhttp://koha.tu.koszalin.pl/cgi-bin/koha/opac-detail.pl?biblionumber=54322 _yKatalog online BPK |
||